[Event "GER-chT WK U18 4th playoff"]
[Site "Kiel"]
[Date "2008.03.29"]
[Round "9.5"]
[White "Behrend, Anke"]
[Black "Westphal, Niels"]
[Result "0-1"]
[WhiteElo "840"]
[BlackElo "1362"]
[PlyCount "36"]
[EventDate "2008.03.29"]
[EventType "team-swiss"]
[EventRounds "7"]
[EventCountry "GER"]
[SourceTitle "EXT 2010"]
[Source "ChessBase"]
[SourceDate "2010.11.25"]
[SourceVersion "1"]
[SourceVersionDate "2010.11.25"]
[SourceQuality "1"]

1. e4 d5 2. Nc3 dxe4 3. Nxe4 Nc6 4. Bc4 Bf5 5. d3 Bxe4 6. dxe4 Qxd1+ 7. Kxd1 0-0-0+ 8. Bd3 Nf6 9. Nf3 Nxe4 10. Be3 e6 11. Ke2 Nf6 12. Rhe1 Be7 13. Rad1 e5 14. Ng5 e4 15. Nxf7 exd3+ 16. cxd3 Bb4 17. Rf1 Rhe8 18. Nxd8 Nd4# 0-1